Climate trading : (Record no. 190036)
[ view plain ]
| 000 -LEADER | |
|---|---|
| fixed length control field | 01296nam a2200361 a 4500 |
| 001 - CONTROL NUMBER | |
| control field | vtls000183873 |
| 003 - CONTROL NUMBER IDENTIFIER | |
| control field | NLI |
| 005 - DATE AND TIME OF LATEST TRANSACTION | |
| control field | 20210602111126.0 |
| 008 - FIXED-LENGTH DATA ELEMENTS--GENERAL INFORMATION | |
| fixed length control field | 101125s2005 enka 001 0 eng |
| 020 ## - INTERNATIONAL STANDARD BOOK NUMBER | |
| International Standard Book Number | 1403916160 : |
| Terms of availability | PND 125.00 |
| 039 #9 - LEVEL OF BIBLIOGRAPHIC CONTROL AND CODING DETAIL [OBSOLETE] | |
| -- | 201011252214 |
| -- | VLOAD |
| 040 ## - CATALOGING SOURCE | |
| Original cataloging agency | NLI |
| Language of cataloging | eng |
| Transcribing agency | Datasoft 1 |
| Description conventions | AACR2 |
| 041 0# - LANGUAGE CODE | |
| Language code of text/sound track or separate title | eng |
| 044 ## - COUNTRY OF PUBLISHING/PRODUCING ENTITY CODE | |
| MARC country code | enk |
| 082 04 - DEWEY DECIMAL CLASSIFICATION NUMBER | |
| Classification number | 333.9214 |
| 100 1# - MAIN ENTRY--PERSONAL NAME | |
| Personal name | Stowell, Debbie |
| 9 (RLIN) | 357997 |
| 245 10 - TITLE STATEMENT | |
| Title | Climate trading : |
| Remainder of title | development of greenhouse gas markets / |
| Statement of responsibility, etc. | Deborah Stowell |
| 246 0# - VARYING FORM OF TITLE | |
| Title proper/short title | Development of greenhouse gas markets |
| 260 ## - PUBLICATION, DISTRIBUTION, ETC. | |
| Place of publication, distribution, etc. | Houdnmills : |
| Name of publisher, distributor, etc. | Palgrave Macmillan, |
| Date of publication, distribution, etc. | 2005 |
| 300 ## - PHYSICAL DESCRIPTION | |
| Extent | xv, 246 p. : |
| Other physical details | ill. ; |
| Dimensions | 24 cm. |
| 440 #0 - SERIES STATEMENT/ADDED ENTRY--TITLE | |
| Title | Finance and capital markets |
| 9 (RLIN) | 357750 |
| 504 ## - BIBLIOGRAPHY, ETC. NOTE | |
| Bibliography, etc. note | Includes bibliographical references and index |
| 650 #0 - SUBJECT ADDED ENTRY--TOPICAL TERM | |
| Topical term or geographic name entry element | Emissions trading |
| 9 (RLIN) | 357998 |
| 650 #0 - SUBJECT ADDED ENTRY--TOPICAL TERM | |
| Topical term or geographic name entry element | Climatic changes |
| General subdivision | Economic aspects |
| 9 (RLIN) | 281715 |
| 650 #0 - SUBJECT ADDED ENTRY--TOPICAL TERM | |
| Topical term or geographic name entry element | Air |
| General subdivision | Pollution |
| -- | Government policy |
| 9 (RLIN) | 357999 |
| 650 #0 - SUBJECT ADDED ENTRY--TOPICAL TERM | |
| Topical term or geographic name entry element | Greenhouse gases |
| General subdivision | Law and legislation |
| 9 (RLIN) | 358000 |
| 887 ## - NON-MARC INFORMATION FIELD | |
| Content of non-MARC field | |
| 901 ## - LOCAL DATA ELEMENT A, LDA (RLIN) | |
| a | 554964 |
| b | 09.01.2007 |
| 902 ## - LOCAL DATA ELEMENT B, LDB (RLIN) | |
| a | E 333.9214 St 79 |
| 942 ## - ADDED ENTRY ELEMENTS (KOHA) | |
| Source of classification or shelving scheme | Dewey Decimal Classification |
| Koha item type | Books |
| 949 ## - LOCAL PROCESSING INFORMATION (OCLC) | |
| -- | VIRTUAITEM |
| -- | 10000 |
| -- | 100 |
| 6 | PUR000554964ENG |
| Withdrawn status | Lost status | Damaged status | Not for loan | Collection code | Home library | Current library | Shelving location | Date acquired | Total Checkouts | Full call number | Barcode | Date last seen | Price effective from | Koha item type |
|---|---|---|---|---|---|---|---|---|---|---|---|---|---|---|
| New English | National Library of India | National Library of India | New English - Main Stack Division | E 333.9214 St 79 | PUR000554964ENG | 02/06/2021 | 02/06/2021 | Books |
